000
00245nam a22001217a 4500
999
_c
533681
_d
533681
020
_a
0002320894
040
_c
MSOHAIL
082
_a
823.914
100
_a
David Fraser
_9
27645
245
_a
Dragon's Teeth
300
_a
347;p
942
_2
ddc
_c
BK